Words That End in "Air" - Statistics

General Stats
  • This quiz has been taken 20 times
  • The average score is 4 of 54
Answer Stats
# Words % Correct
A Affair
58%
U Unfair
53%
D Despair
32%
I Impair
26%
R Repair
26%
U Unpair
26%
D Debonair
21%
D Downstair
16%
E Eclair
16%
M Mohair
16%
U Underhair
16%
U Upstair
16%
D Dehair
11%
H Highchair
11%
M Midair
11%
U Unchair
11%
U Underair
11%
U Unhair
11%
U Unrepair
11%
A Armchair
5%
C Corsair
5%
D Deckchair
5%
L Longhair
5%
O Overhair
5%
S Shorthair
5%
W Wheelchair
5%
A Airstair
0%
A Antiair
0%
B Basepair
0%
B Bathchair
0%
B Bedchair
0%
B Bookfair
0%
C Camelhair
0%
C Cathair
0%
C Cochair
0%
C Contrair
0%
C Crosshair
0%
D Deerhair
0%
D Disrepair
0%
D Donair
0%
F Forestair
0%
F Funfair
0%
H Horsehair
0%
I Irrepair
0%
L Lawnchair
0%
M Machair
0%
M Maidenhair
0%
P Pushchair
0%
R Rehair
0%
R Rockhair
0%
S Sidechair
0%
S Stereopair
0%
W Wingchair
0%
W Wirehair
0%
No matching quizzes found
Score Distribution
Percent of People with Each Score
Percentile by Number Answered
Your Score History
You have not taken this quiz